000 03232 a2200361 4500
999 _c10705
_d10705
020 _a9780323459587
050 _aRC78
_bLON 2017
100 _aLong, Bruce W.
_d1967-2022
_eauthor
245 _a Workbook and licensure exam prep for radiography essentials for limited practice /
_cBruce W. Long, Eugene D. Frank, Ruth Ann Ehrlich, Sharon R. Wartenbee (Contributor)
250 _aFifth edition
264 _aSt. Louis, Missouri,
_bElsevier, Inc.,
_c2017
300 _a v, 290 pages :
_billustrations ; 28 cm
336 _2rdacontent
_atext
_btxt
337 _2rdamedia
_aunmediated
_bn
338 _2rdacarrier
_avolume
_bnc
500 _aExaminations
504 _aExaminations
505 _aSection I 1. Role of the Limited X-ray Machine Operator 2. Introduction to Radiographic Equipment 3. Basic Mathematics for Limited Operators 4. Basic Physics for Radiography 5. X-ray Production 6. X-ray Circuit and Tube Heat Management 7. Principles of Exposure and Image Quality 8. Digital Imaging 9. Scatter Radiation and Its Control 10. Formulating X-ray Techniques 11. Radiobiology and Radiation Safety 12. Introduction to Anatomy, Positioning, and Pathology 13. Upper Limb and Shoulder Girdle 14. Lower Limb and Pelvis 15. Spine 16. Bony Thorax, Chest, and Abdomen 17. Skull, Facial Bones, and Paranasal Sinuses 18. Radiography of Pediatric and Geriatric Patients 19. Image Evaluation 20. Ethics, Legal Considerations, and Professionalism 21. Safety and Infection Control 22. Assessing Patients and Managing Acute Situations 23. Medications and Their Administration 24. Medical Laboratory Skills 25. Additional Procedures for Assessment and Diagnosis 26. Bone Densitometry Section II Preparation Guide for the American Registry of Radiologic Technologists Examination for the Limited Scope of Practice in Radiography Section III Preparation Guide for the American Registry of Radiologic Technologists Bone Densitometry Equipment Operators Examination
520 _aReinforce your understanding of Radiography Essentials for Limited Practice, 6th Edition! With chapters corresponding to the chapters in$1!#!the textbook, this practical workbook helps you review and apply the concepts and procedures required for limited radiography practice. Exercises include fill-in-the-blank, multiple-choice, and matching questions, as well as labeling of anatomy diagrams and mock exams. Written by the textbook's authors, this study tool includes an exam preparation guide to help you succeed on the ARRT Limited Scope of Practice in Radiography Exam and in a career as a Limited X-ray Machine Operator. This is the only workbook of its kind on the market!"--Publisher's website
650 _a Allied Health Occupations
650 _aAllied Health Personnel
650 _aAllied health personnel
650 _aExamination Questions
650 _aExaminations
650 _aRadiography methods
650 _aRadiography, Medical
650 _aRadiography, Medical Examinations, questions, etc
650 _aTechnology, Radiologic
700 _aFrank, Eugene D.
_eauthor
700 _aEhrlich, Ruth Ann
_eauthor
700 _aWartenbee, Sharon R.
_econtributing author
942 _2lcc
_cBK
_eFifth edition
_h78
_iLON
_kRC